РСС-2009. Региональный справочник стоимости. [Т. 1]: Строительство (Запись № 1195030)

Подробности
000 -МАРКЕР
контрольное поле 01394nam2a2200265 4500
001 - ИДЕНТИФИКАТОР ЗАПИСИ
контрольное поле RU\NLR\bibl\1404451
005 - ИДЕНТИФИКАТОР ВЕРСИИ
контрольное поле 20250615205423.0
010 ## - МЕЖДУНАРОДНЫЙ СТАНДАРТНЫЙ НОМЕР КНИГИ (ISBN)
Номер (ISBN) 978-5-98382-010-9
Тираж 350
021 ## - НОМЕР ГОСУДАРСТВЕННОЙ РЕГИСТРАЦИИ
Код страны Российская Федерация
Номер 2009-49006
Номер Листа государственной регистраци 3010
035 ## - ДРУГИЕ СИСТЕМНЫЕ НОМЕРА
Идентификатор записи (NLR Aleph) 001396450
100 ## - ДАННЫЕ ОБЩЕЙ ОБРАБОТКИ
Данные общей обработки 20090827d2008 |||y0rusy50 ca
101 0# - ЯЗЫК РЕСУРСА
Язык текста, звукозаписи и т.д. русский
102 ## - СТРАНА ПУБЛИКАЦИИ ИЛИ ПРОИЗВОДСТВА
Страна публикации Российская Федерация
105 ## - ПОЛЕ КОДИРОВАННЫХ ДАННЫХ: ТЕКСТОВЫЕ МАТЕРИАЛЫ, МОНОГРАФИЧЕСКИЕ
Кодированные данные о монографическом текстовом документе y |||||||||
200 1# - ЗАГЛАВИЕ И СВЕДЕНИЯ ОБ ОТВЕТСТВЕННОСТИ
Основное заглавие Строительство
Сведения, относящиеся к заглавию виды работ. Комплексы работ. Объекты-аналоги зданий и сооружений. Справочная информация
215 ## - ФИЗИЧЕСКАЯ ХАРАКТЕРИСТИКА
Специфическое обозначение материала и объем 848 с.
300 ## - ОБЩИЕ ПРИМЕЧАНИЯ
Текст примечания Загл. корешка: РСС-2009. строительство
461 #0 - УРОВЕНЬ НАБОРА
Встроенное поле 001RU\NLR\bibl\1410200
-- 2001#$aРСС-2009. Региональный справочник стоимости$v[Т. 1]
Системный номер (АБИС) связанной записи 1229424
Место публикации Москва
Дата публикации 2008 (обл. 2009)
Имя издателя, распространителя и т.д. НПФ "Центр региональных технологий в строительстве"
Сведения, относящиеся к заглавию в печатном и электронном виде для Москвы, в электронном виде для 84 регионов России : [в 2 т.]
Заглавие РСС-2009. Региональный справочник стоимости
Номер тома [Т. 1]
516 0# - ЗАГЛАВИЕ НА КОРЕШКЕ [ИЗДАНИЯ]
Заглавие на корешке РСС-2009. строительство
801 #0 - ИСТОЧНИК ЗАПИСИ
Страна Российская Федерация
Организация NLR
Дата составления 20090827
Правила каталогизации RCR
801 #1 - ИСТОЧНИК ЗАПИСИ
Страна Российская Федерация
Организация NLR
Дата составления 20090827
942 ## - ДОПОЛНИТЕЛЬНЫЕ ЭЛЕМЕНТЫ ЗАПИСИ (АБИС)
Тип экземпляра АБИС Книга
980 ## - КОЛЛЕКЦИЯ
Название коллекции Национальная библиография
Экземпляры
Тип экземпляра Дата поступления Источник поступления Библиотека постоянного хранения Библиотека текущего хранения Место хранения Шифр хранения Штрих-код Статус экземпляра
Книга 27.08.2009 Обязательный экземпляр РНБ (Московский) РНБ (Московский) Фонд нормативно-технических и технических документов Пт 2009-2/100 1-618036  
Книга 27.08.2009 Обязательный экземпляр РНБ (Московский) РНБ (Московский) Фонд нормативно-технических и технических документов, подручный Пт 2009-2/100 1-618037